Training and development (Record no. 367467)
[ view plain ]
| 000 -LEADER | |
|---|---|
| fixed length control field | 00793nam a22002297a 4500 |
| 003 - CONTROL NUMBER IDENTIFIER | |
| control field | 0 |
| 005 - DATE AND TIME OF LATEST TRANSACTION | |
| control field | 20250507120736.0 |
| 008 - FIXED-LENGTH DATA ELEMENTS--GENERAL INFORMATION | |
| fixed length control field | 250507b xxu||||| |||| 00| 0 eng d |
| 020 ## - INTERNATIONAL STANDARD BOOK NUMBER | |
| International Standard Book Number | 9786214271344 |
| 050 ## - LIBRARY OF CONGRESS CALL NUMBER | |
| Classification number | HF 5549.5 |
| Item number | .F634 2023 |
| 100 ## - MAIN ENTRY--PERSONAL NAME | |
| Personal name | Flores, Marivic F. |
| 245 ## - TITLE STATEMENT | |
| Title | Training and development |
| Statement of responsibility, etc | Marivic F. Flores, Angelita Ong Camilar Serrano, Rodolfo Lapaz Ducut |
| 260 ## - PUBLICATION, DISTRIBUTION, ETC. (IMPRINT) | |
| Place of publication, distribution, etc | Manila |
| Name of publisher, distributor, etc | Unlimited Books Library Services & Publishing Inc. |
| Date of publication, distribution, etc | c2023 |
| 300 ## - PHYSICAL DESCRIPTION | |
| Extent | viii, 224 pages ; |
| Dimensions | 26cm. |
| 504 ## - BIBLIOGRAPHY, ETC. NOTE | |
| Bibliography, etc | Includes bibliographical references. |
| 650 ## - SUBJECT ADDED ENTRY--TOPICAL TERM | |
| Topical term or geographic name as entry element | Employees—Training of. |
| 650 ## - SUBJECT ADDED ENTRY--TOPICAL TERM | |
| Topical term or geographic name as entry element | Personnel management—Training. |
| 650 ## - SUBJECT ADDED ENTRY--TOPICAL TERM | |
| Topical term or geographic name as entry element | Human resource development. |
| 700 ## - ADDED ENTRY--PERSONAL NAME | |
| Personal name | Serrano, Angelita Ong Camilar |
| 700 ## - ADDED ENTRY--PERSONAL NAME | |
| Personal name | Ducut, Rodolfo Lapaz |
| 942 ## - ADDED ENTRY ELEMENTS (KOHA) | |
| Source of classification or shelving scheme | Library of Congress Classification |
| Koha item type | Books |
| Withdrawn status | Lost status | Source of classification or shelving scheme | Damaged status | Home library | Current library | Shelving location | Date acquired | Source of acquisition | Sub Shelving location | Total Checkouts | Full call number | Barcode | Date last seen | Price effective from | Koha item type |
|---|---|---|---|---|---|---|---|---|---|---|---|---|---|---|---|
| Library of Congress Classification | College Library | College Library | Filipiniana Section | 05/07/2025 | Library Fund | HF 5549.5 .F634 2023 | C24576 | 05/07/2025 | 05/07/2025 | Books | |||||
| Library of Congress Classification | College Library | College Library | Filipiniana Section | 05/07/2025 | Library Fund | HF 5549.5 .F634 2023 | C24575 | 05/07/2025 | 05/07/2025 | Books | |||||
| Library of Congress Classification | College Library | College Library | Filipiniana Section | 05/07/2025 | Library Fund | HF 5549.5 .F634 2023 | C24577 | 05/07/2025 | 05/07/2025 | Books |